[Event "Czech Open Rapid 2019"]
[Site "Pardubice"]
[Date "2019.07.18"]
[Round "7.23"]
[White "Dovzhenko, Viktor"]
[Black "Voriskova, Anna"]
[Result "1-0"]
[WhiteElo "2100"]
[BlackElo "1675"]
[Annotator "NA"]
[PlyCount "117"]
[EventDate "2019.07.17"]
[EventType "swiss"]
[EventCountry "CZE"]
[SourceTitle "playchess.com"]
[Source "ChessBase"]
[SourceQuality "1"]

1. d4 Nf6 2. Bf4 c5 3. e3 g6 4. Nf3 b6 5. Be2 Bg7 6. c3 Bb7 7. Nbd2 d6 8. h3 O-O 9. O-O Nbd7 10. a4 a6 11. Qb3 Qc7 12. Bh2 h6 13. Rfd1 Ne4 14. Nc4 Bc6 15. d5 Bb7 16. Qc2 Nef6 17. e4 b5 18. Na3 bxa4 19. Qxa4 Nb6 20. Qc2 Nfd7 21. Nc4 Nxc4 22. Bxc4 Ne5 23. Nxe5 dxe5 24. Qd3 Qd6 25. Ra5 Ra7 26. Rda1 Rfa8 27. Qe3 Rc8 28. b4 Rca8 29. bxc5 Qd8 30. c6 Bc8 31. Qc5 Qc7 32. f3 Bf8 33. Qe3 Kh7 34. Kh1 Qb8 35. f4 Bg7 36. Bg1 exf4 37. Qd3 Qd6 38. Bc5 Qf6 39. Bd4 Qd6 40. Bxg7 Kxg7 41. Qd4+ f6 42. Rb1 f3 43. Qf2 fxg2+ 44. Kxg2 Qe5 45. Qf3 f5 46. Re1 fxe4 47. Rxe4 Qg5+ 48. Qg3 Qf5 49. Qe5+ Qxe5 50. Rxe5 Kf6 51. Re3 Bf5 52. Bd3 Bxd3 53. Rxd3 Rd8 54. c4 Raa8 55. Kf3 h5 56. Ke4 Re8 57. Rda3 e6 58. d6 Red8 59. c5 1-0

[Event "Czech Open Rapid 2019"]
[Site "Pardubice"]
[Date "2019.07.18"]
[Round "7.23"]
[White "Uhmann, Jan Jr"]
[Black "Hagarova, Zuzana"]
[Result "0-1"]
[WhiteElo "2043"]
[BlackElo "2294"]
[Annotator "TA"]
[PlyCount "100"]
[EventDate "2019.07.17"]
[EventType "swiss"]
[EventCountry "CZE"]
[SourceTitle "playchess.com"]
[Source "ChessBase"]
[SourceQuality "1"]

1. e4 c5 2. Nf3 Nc6 3. d4 cxd4 4. Nxd4 e5 5. Nb5 d6 6. N1c3 a6 7. Na3 Be7 8. Nd5 Be6 9. c4 Nf6 10. Bd3 Rc8 11. O-O O-O 12. Be3 Kh8 13. Bb6 Qe8 14. Nc2 Bxd5 15. cxd5 Nb8 16. Ne3 g6 17. Qb3 Nbd7 18. Rac1 Nxb6 19. Qxb6 Nd7 20. Qa7 Nc5 21. Bb1 Qd8 22. Rxc5 Rxc5 23. Qxb7 Rb5 24. Qxa6 Rxb2 25. Nc4 Rb8 26. f4 exf4 27. e5 dxe5 28. d6 Bf6 29. Be4 Qc8 30. Qxc8 Rfxc8 31. Bd5 Kg7 32. Rd1 Rc5 33. a4 Rb4 34. d7 Rcxc4 35. Bxc4 Rxc4 36. a5 Ra4 37. Rd5 Bd8 38. Rxe5 Rxa5 39. Re8 Bb6+ 40. Kf1 Rd5 41. Re4 Bc7 42. Ke2 Rxd7 43. Kf3 Rd3+ 44. Kf2 Bb6+ 45. Kf1 g5 46. Rb4 Be3 47. Rb5 Kg6 48. g3 Rd1+ 49. Kg2 g4 50. gxf4 Rg1# 0-1

[Event "Czech Open Rapid 2019"]
[Site "Pardubice"]
[Date "2019.07.18"]
[Round "7.24"]
[White "Nun, Jiri"]
[Black "Blandon, Luis Guillermo"]
[Result "0-1"]
[WhiteElo "2310"]
[BlackElo "2239"]
[Annotator "NA"]
[PlyCount "80"]
[EventDate "2019.07.17"]
[EventType "swiss"]
[EventCountry "CZE"]
[SourceTitle "playchess.com"]
[Source "ChessBase"]
[SourceQuality "1"]

1. e4 g6 2. d4 Bg7 3. Be2 c5 4. dxc5 Na6 5. Bxa6 bxa6 6. c3 Bb7 7. f3 Nh6 8. Be3 f5 9. Nd2 e6 10. Nc4 O-O 11. Nd6 Bc6 12. Qd2 Nf7 13. Nxf7 Rxf7 14. exf5 Rxf5 15. Ne2 Rd5 16. Qc2 Qh4+ 17. g3 Qh3 18. Nf4 Qf5 19. Qf2 Bb5 20. Nxd5 Qxd5 21. a4 Bd3 22. Rd1 Rf8 23. Rf1 Qc4 24. Rxd3 Qxd3 25. Qd2 Qb1+ 26. Ke2 Qa2 27. Kf2 Qxa4 28. Kg2 Rf5 29. Rd1 Rd5 30. Bd4 e5 31. Re1 exd4 32. Re8+ Kf7 33. Qe2 Bf6 34. Rc8 Re5 35. Qd3 dxc3 36. bxc3 Qa2+ 37. Kf1 Rd5 38. Qe2 Qxe2+ 39. Kxe2 Bxc3 40. Rc7 Ke6 0-1

[Event "Czech Open Rapid 2019"]
[Site "Pardubice"]
[Date "2019.07.18"]
[Round "7.24"]
[White "Mogilny, Evgeny"]
[Black "Svoboda, Petr"]
[Result "1-0"]
[WhiteElo "2298"]
[BlackElo "2088"]
[Annotator "NA"]
[PlyCount "143"]
[EventDate "2019.07.17"]
[EventType "swiss"]
[EventCountry "CZE"]
[SourceTitle "playchess.com"]
[Source "ChessBase"]
[SourceQuality "1"]

1. d4 Nf6 2. Nf3 g6 3. c4 Bg7 4. Nc3 d6 5. e4 O-O 6. Bd3 Nbd7 7. O-O e5 8. d5 a5 9. Ne1 Nh5 10. g3 Nc5 11. Bc2 Bh3 12. Ng2 Qc8 13. Be3 Na6 14. a3 Bg4 15. f3 Bh3 16. Rf2 f5 17. exf5 gxf5 18. f4 Bg4 19. Qd2 e4 20. Bd4 Nf6 21. Ne3 Bf3 22. Bd1 Bxd1 23. Rxd1 Nc5 24. Ne2 Nb3 25. Qc2 Nxd4 26. Nxd4 Nh5 27. Ne6 Rf7 28. Nxg7 Rxg7 29. Kf1 Qd7 30. Qc3 b6 31. Nc2 Rf8 32. Nd4 Rf6 33. Ne6 Rxe6 34. dxe6 Qxe6 35. Qd4 Nf6 36. Re2 Ng4 37. Qd5 Kf7 38. Qxe6+ Kxe6 39. Kg2 c6 40. b4 d5 41. bxa5 bxa5 42. h3 Nf6 43. Rb2 Nh5 44. Rb3 Nxf4+ 45. Kh2 Nd3 46. cxd5+ cxd5 47. Rb5 Ra7 48. Rdb1 Ke5 49. Rb7 Rxb7 50. Rxb7 e3 51. Kg2 Kd4 52. Kf3 Ne5+ 53. Ke2 Ke4 54. Rxh7 d4 55. Re7 d3+ 56. Kd1 e2+ 57. Kd2 Kd4 58. Ke1 Nf3+ 59. Kf2 e1=Q+ 60. Rxe1 Nxe1 61. Kxe1 Kc3 62. Kd1 Kb3 63. h4 Kxa3 64. h5 Kb2 65. h6 a4 66. h7 a3 67. h8=Q+ Kb1 68. Qb8+ Ka1 69. Qb3 f4 70. Qxa3+ Kb1 71. Qxd3+ Ka1 72. gxf4 1-0

[Event "Czech Open Rapid 2019"]
[Site "Pardubice"]
[Date "2019.07.18"]
[Round "7.25"]
[White "Vittorino, Carlo Giovanni"]
[Black "Jezbera, Jiri"]
[Result "1-0"]
[WhiteElo "2252"]
[BlackElo "2133"]
[Annotator "TA"]
[PlyCount "97"]
[EventDate "2019.07.17"]
[EventType "swiss"]
[EventCountry "CZE"]
[SourceTitle "playchess.com"]
[Source "ChessBase"]
[SourceQuality "1"]

1. d4 Nf6 2. c4 g6 3. Nc3 Bg7 4. e4 d6 5. h3 O-O 6. Nf3 e5 7. d5 a5 8. Bg5 h6 9. Be3 Na6 10. Nd2 Nh5 11. g3 Nc5 12. Be2 Nf6 13. g4 Nh7 14. h4 f5 15. h5 f4 16. Bxc5 dxc5 17. hxg6 Ng5 18. f3 Rf6 19. Bd3 Rxg6 20. Bc2 Rf6 21. Ba4 Qf8 22. Qe2 Qf7 23. O-O-O Bd7 24. Kc2 Qe8 25. b3 Rb6 26. Bxd7 Qxd7 27. Na4 Rf6 28. Nxc5 Qe7 29. Na4 Qa3 30. Kb1 c6 31. dxc6 bxc6 32. c5 Rb8 33. Ka1 Bf8 34. Nc4 Qb4 35. Ncb6 Rf7 36. Nd7 Rd8 37. Nf6+ Rxf6 38. Rxd8 Kg7 39. Rd7+ Kh8 40. Rhd1 Bxc5 41. Nxc5 Qxc5 42. Qd3 Qe3 43. Rc7 Nf7 44. Qc4 Qxf3 45. Rdd7 Qxg4 46. Rxf7 Qd1+ 47. Kb2 Qd2+ 48. Ka3 Qd6+ 49. Ka4 1-0

[Event "Czech Open Rapid 2019"]
[Site "Pardubice"]
[Date "2019.07.18"]
[Round "7.25"]
[White "Ret, Adam Josef"]
[Black "Yakimenko, Alexander A."]
[Result "1-0"]
[WhiteElo "1943"]
[BlackElo "2057"]
[Annotator "NA"]
[PlyCount "93"]
[EventDate "2019.07.17"]
[EventType "swiss"]
[EventCountry "CZE"]
[SourceTitle "playchess.com"]
[Source "ChessBase"]
[SourceQuality "1"]

1. d4 e6 2. c4 Nf6 3. Nc3 Bb4 4. e3 O-O 5. Bd2 b6 6. Bd3 Bb7 7. Nf3 d5 8. a3 Be7 9. O-O Nbd7 10. Qe2 Ne4 11. cxd5 Nxd2 12. Nxd2 exd5 13. Nf3 Re8 14. Ba6 Qc8 15. Bxb7 Qxb7 16. Rac1 c6 17. Rc2 Bd6 18. Rfc1 Rac8 19. Qd3 g6 20. g3 Nf6 21. Kg2 Ne4 22. b4 a6 23. h4 Bf8 24. Ne5 f6 25. Nxe4 dxe4 26. Qb3+ Kg7 27. Nxc6 Qd7 28. d5 Bd6 29. Nd4 Kf7 30. Rc6 Be5 31. Ne6 Rxc6 32. Rxc6 Rc8 33. Rxb6 Rc3 34. Qa2 Rd3 35. Nc5 Qxd5 36. Qxd5+ Rxd5 37. Rxa6 f5 38. Ra7+ Ke8 39. Rxh7 Bb2 40. Ra7 Rd2 41. b5 Rd5 42. Ne6 Rd6 43. Nd4 Rb6 44. a4 Rb8 45. Rh7 Ba3 46. Rh8+ Bf8 47. Ne6 1-0

[Event "Czech Open Rapid 2019"]
[Site "Pardubice"]
[Date "2019.07.18"]
[Round "7.26"]
[White "Frolov, Aleksey G."]
[Black "Punin, Andrii"]
[Result "1/2-1/2"]
[WhiteElo "2174"]
[BlackElo "2305"]
[Annotator "NA"]
[PlyCount "83"]
[EventDate "2019.07.17"]
[EventType "swiss"]
[EventCountry "CZE"]
[SourceTitle "playchess.com"]
[Source "ChessBase"]
[SourceQuality "1"]

1. e4 d5 2. exd5 Qxd5 3. Nc3 Qd6 4. Nf3 Nf6 5. d4 c6 6. g3 Bf5 7. Bg2 h6 8. O-O e6 9. Bf4 Qd8 10. Re1 Bd6 11. Qd2 Bxf4 12. Qxf4 O-O 13. Qd2 Nbd7 14. Rad1 Qc7 15. Ne2 Nb6 16. b3 Rfd8 17. c4 a5 18. a4 Be4 19. Nc3 Bxf3 20. Bxf3 Nc8 21. d5 cxd5 22. cxd5 exd5 23. Nb5 Qb6 24. Qf4 Nd6 25. Nc3 Qxb3 26. Nxd5 Nxd5 27. Rxd5 Ne8 28. Rb5 Qc3 29. Re7 Nf6 30. Rbxb7 Rd4 31. Qf5 Rf8 32. Kg2 Rd2 33. Re2 Rxe2 34. Bxe2 Qc6+ 35. Bf3 Qxa4 36. Ra7 Qd4 37. Rxa5 g6 38. Qc2 Kg7 39. Ra4 Qe5 40. Qd2 Rb8 41. Ra5 Rb2 42. Rxe5 1/2-1/2

[Event "Czech Open Rapid 2019"]
[Site "Pardubice"]
[Date "2019.07.18"]
[Round "7.26"]
[White "Effenberger, Adam"]
[Black "Chovanec, Vladimir"]
[Result "0-1"]
[WhiteElo "1797"]
[BlackElo "2047"]
[Annotator "NA"]
[PlyCount "78"]
[EventDate "2019.07.17"]
[EventType "swiss"]
[EventCountry "CZE"]
[SourceTitle "playchess.com"]
[Source "ChessBase"]
[SourceQuality "1"]

1. e4 e6 2. d4 d5 3. Nc3 Bb4 4. e5 c5 5. a3 Bxc3+ 6. bxc3 Qa5 7. Bd2 Qa4 8. Qg4 g6 9. Nf3 Nc6 10. Bd3 Bd7 11. O-O O-O-O 12. Rfb1 c4 13. Bf1 f5 14. exf6 Nxf6 15. Qf4 Rdf8 16. Qe3 h6 17. Rb2 Ne4 18. Be1 b6 19. Nd2 Nd6 20. Nf3 Rh7 21. Ne5 Nxe5 22. Qxe5 Qc6 23. g3 Rhf7 24. Bh3 Ne4 25. f4 g5 26. a4 gxf4 27. a5 b5 28. gxf4 Rxf4 29. Bg3 Nxg3 30. hxg3 R4f6 31. Re1 Qc7 32. Qxc7+ Kxc7 33. Rbb1 Kd6 34. Re3 Rf3 35. Rbe1 R8f6 36. Kg2 Rf2+ 37. Kg1 Rxc2 38. R1e2 Rxe2 39. Rxe2 Rf3 0-1

[Event "Czech Open Rapid 2019"]
[Site "Pardubice"]
[Date "2019.07.18"]
[Round "7.27"]
[White "Yandarbiev, Ruslan"]
[Black "Hagemann, Sven"]
[Result "1-0"]
[WhiteElo "2270"]
[BlackElo "2014"]
[Annotator "NA"]
[PlyCount "95"]
[EventDate "2019.07.17"]
[EventType "swiss"]
[EventCountry "CZE"]
[SourceTitle "playchess.com"]
[Source "ChessBase"]
[SourceQuality "1"]

1. e4 e5 2. Nf3 Nf6 3. Nxe5 d6 4. Nf3 Nxe4 5. Qe2 Qe7 6. d3 Nf6 7. Bg5 Qxe2+ 8. Bxe2 Be7 9. Nc3 O-O 10. O-O-O a6 11. d4 Bf5 12. Nh4 Bc8 13. Bd3 h6 14. Bf4 Ng4 15. Bg3 f5 16. Ng6 Rf7 17. Bc4 Bf6 18. h3 c6 19. hxg4 d5 20. Bd3 fxg4 21. Ne5 Rf8 22. Na4 Nd7 23. Nxd7 Bxd7 24. Nb6 Rad8 25. Nxd7 Rxd7 26. c3 Bg5+ 27. Kb1 Bf4 28. Be2 Bxg3 29. fxg3 Re7 30. Bxg4 Rf2 31. Bf3 Kh7 32. Rhe1 Rf7 33. Rf1 Rxf1 34. Rxf1 g6 35. g4 Kg7 36. Kc2 Rf4 37. Re1 Rf7 38. Kd3 Kf6 39. b3 Kg5 40. Re6 a5 41. c4 dxc4+ 42. bxc4 Rd7 43. d5 cxd5 44. cxd5 b5 45. d6 h5 46. gxh5 gxh5 47. Bc6 Rd8 48. d7 1-0

[Event "Czech Open Rapid 2019"]
[Site "Pardubice"]
[Date "2019.07.18"]
[Round "7.27"]
[White "Korchagin, Oleg"]
[Black "Grabinsky, Vladimir"]
[Result "0-1"]
[WhiteElo "2056"]
[BlackElo "2226"]
[Annotator "NA"]
[PlyCount "73"]
[EventDate "2019.07.17"]
[EventType "swiss"]
[EventCountry "CZE"]
[SourceTitle "playchess.com"]
[Source "ChessBase"]
[SourceQuality "1"]

1. d4 Nf6 2. c4 e6 3. Nf3 d5 4. Nc3 c5 5. cxd5 Nxd5 6. e4 Nxc3 7. bxc3 cxd4 8. cxd4 Nc6 9. Be2 Bb4+ 10. Bd2 Bxd2+ 11. Qxd2 O-O 12. O-O b6 13. Rfd1 Bb7 14. Rac1 Rc8 15. h4 Qf6 16. e5 Qe7 17. Rb1 Rfd8 18. Bd3 Na5 19. Qf4 Bxf3 20. Qxf3 Qxh4 21. g3 Qh3 22. Bf1 Qh6 23. Kg2 Nc4 24. Rbc1 b5 25. Qb7 Rb8 26. Qxa7 Ra8 27. Qc5 Rxa2 28. Bxc4 bxc4 29. Qxc4 Ra5 30. Rd3 Qg6 31. Re1 h5 32. Rf3 Rad5 33. Rf4 Qg5 34. Re3 R5d7 35. Ref3 Qg6 36. Qb4 Qc2 37. Rc3 0-1

[Event "Czech Open Rapid 2019"]
[Site "Pardubice"]
[Date "2019.07.18"]
[Round "7.28"]
[White "Vokoun, Jan"]
[Black "Castrillon Gomez, Melissa"]
[Result "0-1"]
[WhiteElo "2072"]
[BlackElo "2245"]
[Annotator "TA"]
[PlyCount "84"]
[EventDate "2019.07.17"]
[EventType "swiss"]
[EventCountry "CZE"]
[SourceTitle "playchess.com"]
[Source "ChessBase"]
[SourceQuality "1"]

1. Nf3 Nf6 2. g3 g6 3. Bg2 Bg7 4. O-O O-O 5. d4 d6 6. c4 c5 7. Nc3 cxd4 8. Nxd4 Nc6 9. b3 Bd7 10. Bb2 Rc8 11. Rc1 a6 12. Qd2 Qa5 13. Rfd1 Qh5 14. Nf3 Bh6 15. e3 Bg4 16. Nd5 Nxd5 17. Qxd5 e5 18. h3 Bxh3 19. Bxh3 Qxh3 20. Nd2 Rfd8 21. Ne4 Bf8 22. Qxf7+ Kxf7 23. Ng5+ Kf6 24. Nxh3 Be7 25. f3 Ke6 26. Nf2 b5 27. Kf1 bxc4 28. Rxc4 d5 29. Ra4 Ra8 30. Rc1 Rdc8 31. Nd3 a5 32. Ke2 Bd6 33. Nc5+ Ke7 34. Nb7 Ra7 35. Nxd6 Kxd6 36. Ba3+ Kd7 37. Rh4 Ke6 38. Rhh1 Rac7 39. Kd2 h5 40. Rc5 Nb4 41. Rhc1 Rxc5 42. Rh1 R5c7 0-1

[Event "Czech Open Rapid 2019"]
[Site "Pardubice"]
[Date "2019.07.18"]
[Round "7.28"]
[White "Brozka, Karel"]
[Black "Pacl, Vaclav"]
[Result "1-0"]
[WhiteElo "1816"]
[BlackElo "2059"]
[Annotator "NA"]
[PlyCount "43"]
[EventDate "2019.07.17"]
[EventType "swiss"]
[EventCountry "CZE"]
[SourceTitle "playchess.com"]
[Source "ChessBase"]
[SourceQuality "1"]

1. d4 f5 2. Nf3 Nf6 3. Bf4 d6 4. e3 e6 5. h3 Be7 6. Bd3 Nc6 7. c3 O-O 8. Qc2 Qe8 9. Nbd2 Bd8 10. Bh2 Kh8 11. g4 fxg4 12. hxg4 e5 13. g5 e4 14. Nxe4 Nd5 15. Nh4 Qh5 16. Bg3 Ndb4 17. cxb4 Nxb4 18. Qd2 Nxd3+ 19. Qxd3 Bf5 20. Kd2 d5 21. Nxf5 Qf3 22. Nh4 1-0

[Event "Czech Open Rapid 2019"]
[Site "Pardubice"]
[Date "2019.07.18"]
[Round "7.29"]
[White "Zpevakova, Jana"]
[Black "Skliba, Martin"]
[Result "0-1"]
[WhiteElo "2109"]
[BlackElo "2306"]
[Annotator "NA"]
[PlyCount "70"]
[EventDate "2019.07.17"]
[EventType "swiss"]
[EventCountry "CZE"]
[SourceTitle "playchess.com"]
[Source "ChessBase"]
[SourceQuality "1"]

1. d4 Nf6 2. c4 g6 3. Nc3 d5 4. cxd5 Nxd5 5. Bd2 Bg7 6. Nf3 O-O 7. Rc1 Nc6 8. e4 Nxc3 9. Bxc3 Bg4 10. d5 Bxc3+ 11. Rxc3 Ne5 12. Qc1 Bxf3 13. gxf3 e6 14. f4 Ng4 15. dxe6 Qd4 16. Qc2 Nxf2 17. Rg1 Nxe4 18. Rxc7 fxe6 19. Rc4 Qxg1 20. Qxe4 Qb6 21. Rb4 Qc6 22. Qe3 Rac8 23. Rc4 Qd5 24. Rd4 Qxa2 25. Bc4 Qa1+ 26. Kf2 Qxb2+ 27. Kg3 Rxc4 28. Qxe6+ Rf7 29. Qxc4 Kg7 30. Qd5 Qc3+ 31. Kf2 Re7 32. Rd2 Qe3+ 33. Kf1 Qxf4+ 34. Rf2 Qc1+ 35. Kg2 Qc6 0-1

[Event "Czech Open Rapid 2019"]
[Site "Pardubice"]
[Date "2019.07.18"]
[Round "7.29"]
[White "Nehyba, Martin"]
[Black "Morozov, Mikhail M."]
[Result "0-1"]
[WhiteElo "2090"]
[BlackElo "1997"]
[Annotator "NA"]
[PlyCount "92"]
[EventDate "2019.07.17"]
[EventType "swiss"]
[EventCountry "CZE"]
[SourceTitle "playchess.com"]
[Source "ChessBase"]
[SourceQuality "1"]

1. e4 e6 2. d4 d5 3. Nc3 dxe4 4. Nxe4 Bd7 5. c3 Bc6 6. Bd3 Nd7 7. Nf3 Ngf6 8. Qe2 Be7 9. O-O Nxe4 10. Bxe4 Bxe4 11. Qxe4 c6 12. Bf4 O-O 13. Rad1 Re8 14. Rfe1 Nf6 15. Qc2 Qa5 16. a3 Rad8 17. Bg3 Nd7 18. Ne5 Nxe5 19. Rxe5 Rd5 20. Rxd5 Qxd5 21. c4 Qa5 22. Qb3 b6 23. f3 Qa6 24. h3 h6 25. d5 cxd5 26. cxd5 exd5 27. Qxd5 Bf6 28. Rd2 Qc8 29. Qb3 Qc5+ 30. Bf2 Re1+ 31. Kh2 Qc7+ 32. Bg3 Be5 33. Bxe5 Qxe5+ 34. g3 Qc5 35. h4 Qc1 36. Rd8+ Kh7 37. Qd3+ g6 38. g4 Qxb2+ 39. Kg3 Qe5+ 40. Kf2 Rh1 41. h5 Rh2+ 42. Kf1 Qa1+ 43. Qd1 Rh1+ 44. Ke2 Rxd1 45. Rxd1 Qxa3 46. hxg6+ Kxg6 0-1

[Event "Czech Open Rapid 2019"]
[Site "Pardubice"]
[Date "2019.07.18"]
[Round "7.30"]
[White "Mandak, Miroslav"]
[Black "Svizensky, Lubos"]
[Result "1/2-1/2"]
[WhiteElo "1993"]
[BlackElo "1945"]
[Annotator "NA"]
[PlyCount "52"]
[EventDate "2019.07.17"]
[EventType "swiss"]
[EventCountry "CZE"]
[SourceTitle "playchess.com"]
[Source "ChessBase"]
[SourceQuality "1"]

1. Nf3 d5 2. d4 Nf6 3. c4 c6 4. Nc3 Bf5 5. Qb3 Qb6 6. Qxb6 axb6 7. cxd5 Nxd5 8. Nxd5 cxd5 9. e3 e6 10. Bd2 Nc6 11. Bb5 Bd6 12. O-O Ke7 13. Nh4 Bc2 14. Bxc6 bxc6 15. Rfc1 Ba4 16. b3 Bb5 17. a4 Bd3 18. Rxc6 b5 19. Rcc1 b4 20. Nf3 f6 21. Ne1 Bg6 22. g3 Rhc8 23. Kf1 e5 24. f3 Kd7 25. Ke2 Re8 26. Kf2 Rec8 1/2-1/2

[Event "Czech Open Rapid 2019"]
[Site "Pardubice"]
[Date "2019.07.18"]
[Round "7.30"]
[White "Malygin, Vladislav"]
[Black "Rosko, Lubos"]
[Result "1-0"]
[WhiteElo "1855"]
[BlackElo "2309"]
[Annotator "NA"]
[PlyCount "57"]
[EventDate "2019.07.17"]
[EventType "swiss"]
[EventCountry "CZE"]
[SourceTitle "playchess.com"]
[Source "ChessBase"]
[SourceQuality "1"]

1. c4 g6 2. Nc3 c5 3. Nf3 Bg7 4. d4 cxd4 5. Nxd4 Nc6 6. e3 Nf6 7. g3 d5 8. Bg2 Nxd4 9. Qxd4 dxc4 10. Qxd8+ Kxd8 11. O-O a6 12. e4 e5 13. f4 Be6 14. f5 gxf5 15. exf5 Bc8 16. Bg5 Ke8 17. Rae1 Kf8 18. Rxe5 Rb8 19. Rc5 h6 20. Bf4 Nd7 21. Rxc4 Be5 22. Bxe5 Nxe5 23. Rc7 Kg7 24. f6+ Kf8 25. Rd1 Bg4 26. Rd6 h5 27. Rxb7 Re8 28. Nd5 h4 29. Re7 1-0

[Event "Czech Open Rapid 2019"]
[Site "Pardubice"]
[Date "2019.07.18"]
[Round "7.31"]
[White "Ptacnikova, Lenka"]
[Black "Kusa, Jakub"]
[Result "1/2-1/2"]
[WhiteElo "2074"]
[BlackElo "2199"]
[Annotator "TA"]
[PlyCount "175"]
[EventDate "2019.07.17"]
[EventType "swiss"]
[EventCountry "CZE"]
[SourceTitle "playchess.com"]
[Source "ChessBase"]
[SourceQuality "1"]

1. c4 c5 2. g3 g6 3. Bg2 Bg7 4. Nc3 Nc6 5. h4 Nf6 6. Nh3 d6 7. Nf4 h5 8. a3 O-O 9. Rb1 e6 10. b4 cxb4 11. axb4 Ne5 12. d3 Qe7 13. Bd2 Rb8 14. O-O b6 15. b5 Bb7 16. e4 Ned7 17. Qe2 e5 18. Nh3 Nc5 19. Bg5 Qd7 20. f3 Ne6 21. Be3 Qc7 22. Qd2 Rfc8 23. Ra1 Ra8 24. Ra3 a6 25. bxa6 Rxa6 26. Rb3 Nc5 27. Rb2 Bc6 28. Rfb1 Nfd7 29. Ng5 f6 30. Nh3 Ra3 31. Nf2 Rca8 32. Nb5 Bxb5 33. Rxb5 Ra1 34. Bh3 R8a2 35. Qc1 Rxb1 36. Rxb1 Qa7 37. Bf1 Qa4 38. Qc3 Ra3 39. Qb4 Qxb4 40. Rxb4 Kf7 41. Rb1 Ke7 42. g4 Kd8 43. Rd1 Nf8 44. Kh2 Kc7 45. Kh3 Nfe6 46. gxh5 gxh5 47. Nh1 Nf4+ 48. Bxf4 exf4 49. Nf2 Ra2 50. Nh1 Ra3 51. Rd2 f5 52. exf5 Bd4 53. Rg2 Nxd3 54. Rd2 Ra1 55. Rxd3 Rxf1 56. Rxd4 Rxh1+ 57. Kg2 Re1 58. f6 Kd7 59. Rxf4 Ke8 60. Rf5 Kf7 61. Rxh5 Rc1 62. Rb5 Rxc4 63. Rxb6 Rxh4 64. Rxd6 Rf4 65. Kg3 Ra4 66. f4 Ra1 67. Kg4 Kg6 68. f7+ Kxf7 69. Kg5 Ra7 70. f5 Kg7 71. Rg6+ Kf7 72. Rh6 Ra1 73. Rh7+ Kg8 74. Rb7 Ra6 75. Re7 Rb6 76. Re6 Rb7 77. Kf6 Rf7+ 78. Ke5 Kf8 79. Rf6 Ke7 80. Ra6 Kf8 81. f6 Rb7 82. Ke6 Rb8 83. Rd6 Re8+ 84. Kf5 Re1 85. Rd8+ Kf7 86. Rd7+ Kf8 87. Kg6 Rg1+ 88. Kf5 1/2-1/2

[Event "Czech Open Rapid 2019"]
[Site "Pardubice"]
[Date "2019.07.18"]
[Round "7.31"]
[White "Trasak, Ondrej"]
[Black "Iro, Christian"]
[Result "0-1"]
[WhiteElo "1978"]
[BlackElo "2077"]
[Annotator "NA"]
[PlyCount "85"]
[EventDate "2019.07.17"]
[EventType "swiss"]
[EventCountry "CZE"]
[SourceTitle "playchess.com"]
[Source "ChessBase"]
[SourceQuality "1"]

1. d4 Nf6 2. Bf4 d5 3. e3 e6 4. c3 Be7 5. Bd3 O-O 6. Nd2 c5 7. h3 Nc6 8. Ngf3 b6 9. O-O Bb7 10. Qe2 Rc8 11. Rad1 cxd4 12. exd4 Bd6 13. Bxd6 Qxd6 14. Ne5 Ne7 15. Rde1 Nd7 16. Qh5 g6 17. Qh6 Nf5 18. Bxf5 exf5 19. Ndf3 Ba6 20. Ng5 Nf6 21. Nexf7 Rxf7 22. Re6 Qd7 23. Rfe1 Ne4 24. f3 Nxg5 25. Qxg5 Rcf8 26. R1e5 Bc8 27. Re7 Qd8 28. Qe3 Rxe7 29. Rxe7 Qd6 30. Rxa7 Bd7 31. Qh6 Re8 32. f4 Qe6 33. Kh2 Re7 34. Qg5 Kg7 35. Rb7 b5 36. Rb6 Bc6 37. Rxc6 Qxc6 38. Qxe7+ Kh6 39. Qf8+ Kh5 40. Qg7 h6 41. g4+ fxg4 42. hxg4+ Kxg4 43. Qxh6 0-1

[Event "Czech Open Rapid 2019"]
[Site "Pardubice"]
[Date "2019.07.18"]
[Round "7.32"]
[White "Flajsman, Pavel"]
[Black "Sysolyatin, Evgeny"]
[Result "0-1"]
[WhiteElo "1917"]
[BlackElo "2271"]
[Annotator "NA"]
[PlyCount "88"]
[EventDate "2019.07.17"]
[EventType "swiss"]
[EventCountry "CZE"]
[SourceTitle "playchess.com"]
[Source "ChessBase"]
[SourceQuality "1"]

1. d4 d5 2. Nf3 c6 3. g3 Nf6 4. Bg2 Bf5 5. O-O e6 6. c4 Nbd7 7. b3 h6 8. Bb2 Be7 9. Nc3 O-O 10. Re1 Bb4 11. a3 Ba5 12. b4 Bc7 13. Qb3 Nb6 14. c5 Nc4 15. Bc1 e5 16. e3 e4 17. Nd2 Nxd2 18. Bxd2 Qd7 19. b5 Bh3 20. bxc6 bxc6 21. Qa4 Rfc8 22. Qa6 Qf5 23. Qf1 Bg4 24. Reb1 h5 25. h3 Bf3 26. Bxf3 exf3 27. Rb3 Rab8 28. Rab1 Rxb3 29. Rxb3 Qg6 30. Qb1 Qg5 31. Qe1 Ne4 32. Nxe4 dxe4 33. Kh2 h4 34. Rb7 Qe7 35. Rb1 Qf6 36. Rb7 hxg3+ 37. fxg3 f2 38. Qf1 Qf3 39. Rxc7 Rxc7 40. Ba5 Rb7 41. Bd2 Rb2 42. Bc3 Re2 43. d5 Rxe3 44. Be5 Re1 0-1

[Event "Czech Open Rapid 2019"]
[Site "Pardubice"]
[Date "2019.07.18"]
[Round "7.32"]
[White "Dolensky, Filip"]
[Black "Chrz, Pavel"]
[Result "1-0"]
[WhiteElo "1609"]
[BlackElo "1985"]
[Annotator "NA"]
[PlyCount "54"]
[EventDate "2019.07.17"]
[EventType "swiss"]
[EventCountry "CZE"]
[SourceTitle "playchess.com"]
[Source "ChessBase"]
[SourceQuality "1"]

1. e4 e5 2. Nf3 Nc6 3. Bc4 Nf6 4. d3 Bc5 5. c3 d6 6. Bb3 Bg4 7. h3 Bh5 8. Nbd2 Qd7 9. Qe2 O-O-O 10. Nc4 Bxf3 11. Qxf3 d5 12. exd5 Nxd5 13. O-O Kb8 14. Bc2 g6 15. Ne3 Nf4 16. d4 exd4 17. cxd4 Nxd4 18. Qd1 Nxh3+ 19. gxh3 Qxh3 20. Be4 f5 21. Bg2 Qh4 22. Nd5 c6 23. Bf4+ Kc8 24. Bg3 Qh6 25. b4 Bf8 26. Qxd4 cxd5 27. Rac1+ Kd7 1-0

[Event "Czech Open Rapid 2019"]
[Site "Pardubice"]
[Date "2019.07.18"]
[Round "7.33"]
[White "Escobar Medina, Andres F"]
[Black "Rohan Bharat Joshi"]
[Result "1-0"]
[WhiteElo "2296"]
[BlackElo "1901"]
[Annotator "NA"]
[PlyCount "70"]
[EventDate "2019.07.17"]
[EventType "swiss"]
[EventCountry "CZE"]
[SourceTitle "playchess.com"]
[Source "ChessBase"]
[SourceQuality "1"]

1. e4 c5 2. Nf3 e6 3. c4 b6 4. d4 cxd4 5. Nxd4 Bb7 6. Nc3 a6 7. Be2 Qc7 8. O-O Nf6 9. Bf3 d6 10. Be3 Nbd7 11. Rc1 Rc8 12. b3 Be7 13. h3 O-O 14. g3 Qb8 15. Bg2 Nc5 16. Qc2 Qa8 17. f3 d5 18. exd5 exd5 19. Nf5 Rfe8 20. Nxe7+ Rxe7 21. Bg5 d4 22. Bxf6 gxf6 23. Nd5 Bxd5 24. cxd5 Rce8 25. b4 Re2 26. Qf5 Na4 27. Qg4+ Kf8 28. Qxd4 Qb8 29. d6 Rd8 30. Rfd1 Re6 31. Rc6 b5 32. f4 Kg7 33. Rxa6 Re2 34. Bf3 Rc2 35. Ra8 Rd2 1-0

[Event "Czech Open Rapid 2019"]
[Site "Pardubice"]
[Date "2019.07.18"]
[Round "7.33"]
[White "Gorbatenko, Alexander"]
[Black "Roskova, Katerina"]
[Result "1-0"]
[WhiteElo "2048"]
[BlackElo "1972"]
[Annotator "NA"]
[PlyCount "87"]
[EventDate "2019.07.17"]
[EventType "swiss"]
[EventCountry "CZE"]
[SourceTitle "playchess.com"]
[Source "ChessBase"]
[SourceQuality "1"]

1. e4 c5 2. Nf3 e6 3. d3 Nc6 4. g3 g6 5. Bg2 Bg7 6. c3 Nge7 7. O-O O-O 8. Re1 d5 9. Nbd2 b6 10. exd5 Nxd5 11. a4 Ba6 12. Nc4 Qc7 13. Qc2 Rac8 14. Ne3 Rfd8 15. Rd1 Nce7 16. Nxd5 Nxd5 17. Bg5 Rd7 18. Ne1 h6 19. Be3 Rcd8 20. Rac1 Nxe3 21. fxe3 h5 22. d4 Bh6 23. Qf2 Bb7 24. Rc2 Bxg2 25. Nxg2 Qc6 26. Rf1 cxd4 27. exd4 Qxa4 28. Re2 Qb5 29. Ne1 Qf5 30. Qg2 Qd5 31. Qf2 Re8 32. Nd3 Qf5 33. Qxf5 gxf5 34. Rxf5 h4 35. gxh4 Kh7 36. Rf3 Rde7 37. Ne5 Rg8+ 38. Kf1 Rg7 39. h3 Kg8 40. Ng4 Kh7 41. Rf6 Rg6 42. Rf3 f5 43. Rxf5 Bg7 44. h5 1-0